000 00465nam a2200217Ia 4500
001 114776
003 YMCAF
005 20230512162534.0
008 100717s2007 ||||||||||||||||| ||und|d
024 _a114776
035 _aWB5763
040 _aYMCAF
_beng
_cIN-KoLT
041 _aeng
082 _a006.74
_bWIL
100 _aWillard, Wendy
245 0 _aHTML: a leginners guide
250 _a3rd
260 _bTMH
_c2007
300 _a543
942 _2ddc
_cBK
999 _c12280
_d12280